[Event "EU-ch rapid"]
[Site "Warsaw"]
[Date "2010.12.18"]
[Round "4"]
[White "Lintchevski, Daniil"]
[Black "Ponomariov, Ruslan"]
[Result "1/2-1/2"]
[WhiteElo "2532"]
[BlackElo "2744"]
[PlyCount "86"]
[EventDate "2010.12.18"]
[EventType "swiss (rapid)"]
[EventRounds "13"]
[EventCountry "POL"]
[SourceTitle "CBM 139 Extra"]
[Source "ChessBase"]
[SourceDate "2011.01.05"]
[SourceVersion "1"]
[SourceVersionDate "2011.01.05"]
[SourceQuality "1"]

1. e4 c6 2. d4 d5 3. Nc3 dxe4 4. Nxe4 Bf5 5. Ng3 Bg6 6. h4 h6 7. Nf3 Nd7 8. h5
Bh7 9. Bd3 Bxd3 10. Qxd3 e6 11. Bd2 Ngf6 12. O-O-O Be7 13. Ne4 Qb6 14. Nxf6+
Bxf6 15. Be3 a5 16. Ne5 Qa6 17. Nxd7 Kxd7 18. Qe4 a4 19. Kb1 Qc4 20. Bf4 Ra5
21. Rh3 Rd5 22. Qd3 Qxd3 23. Rdxd3 b5 24. c3 Rc8 25. Kc2 c5 26. dxc5 Rcxc5 27.
Rxd5+ exd5 28. Rd3 Ke6 29. Be3 d4 30. Bxd4 Bxd4 31. Rxd4 Rxh5 32. Rg4 g6 33. b3
axb3+ 34. axb3 Rf5 35. f3 h5 36. Re4+ Kd6 37. f4 f6 38. Kd3 g5 39. fxg5 fxg5
40. Rd4+ Kc5 41. Re4 Rd5+ 42. Ke3 Kd6 43. Rd4 Ke5 1/2-1/2

[Event "EU-ch rapid"]
[Site "Warsaw"]
[Date "2010.12.18"]
[Round "7"]
[White "Ponomariov, Ruslan"]
[Black "Staniszewski, Piotr"]
[Result "1/2-1/2"]
[WhiteElo "2744"]
[BlackElo "2407"]
[PlyCount "98"]
[EventDate "2010.12.18"]
[EventType "swiss (rapid)"]
[EventRounds "13"]
[EventCountry "POL"]
[SourceTitle "CBM 139 Extra"]
[Source "ChessBase"]
[SourceDate "2011.01.05"]
[SourceVersion "1"]
[SourceVersionDate "2011.01.05"]
[SourceQuality "1"]

1. e4 e5 2. Nf3 Nc6 3. Bb5 a6 4. Ba4 Nf6 5. O-O Be7 6. Re1 b5 7. Bb3 d6 8. c3
O-O 9. d4 Bg4 10. a4 Qd7 11. axb5 axb5 12. Rxa8 Rxa8 13. Qd3 Bxf3 14. gxf3 Bf8
15. f4 exd4 16. cxd4 Nxd4 17. Bd1 c5 18. Be3 Qh3 19. Qf1 Qxf1+ 20. Kxf1 Re8 21.
f3 g6 22. Nc3 b4 23. Bxd4 cxd4 24. Nb5 d3 25. Re3 Nd5 26. Rxd3 Nxf4 27. Rd4 Rc8
28. Nxd6 Rc1 29. Ne8 Be7 30. e5 Kf8 31. Nf6 Ne6 32. Rd2 h5 33. Ke2 Kg7 34. Ne4
Nf4+ 35. Ke3 Ng2+ 36. Kf2 Nf4 37. Rd7 Kf8 38. Ke3 Ne6 39. Bb3 Re1+ 40. Kd3 Rh1
41. Rb7 Rxh2 42. Rb8+ Kg7 43. Re8 Nc5+ 44. Nxc5 Bxc5 45. Rc8 Rxb2 46. Bd5 Be7
47. Rc7 Kf8 48. Rc8+ Kg7 49. Rc7 Kf8 1/2-1/2

[Event "RUS-chT 18th"]
[Site "Olginka"]
[Date "2011.04.13"]
[Round "2"]
[White "Jakovenko, Dmitrij"]
[Black "Ponomariov, Ruslan"]
[Result "0-1"]
[WhiteElo "2718"]
[BlackElo "2743"]
[PlyCount "108"]
[EventDate "2011.04.12"]
[EventType "team-tourn"]
[EventRounds "11"]
[EventCountry "RUS"]
[SourceTitle "EXT 2020"]
[Source "ChessBase"]
[SourceDate "2019.10.17"]
[SourceVersion "1"]
[SourceVersionDate "2019.10.17"]
[SourceQuality "1"]
[WhiteTeam "Khanty Mansiysk Yugra"]
[BlackTeam "Tomsk 400"]
[WhiteTeamCountry "RUS"]
[BlackTeamCountry "RUS"]

1. c4 Nf6 2. Nc3 e5 3. Nf3 Nc6 4. g3 Bb4 5. Nd5 Bc5 6. Bg2 d6 7. O-O O-O 8. e3
a6 9. d4 Ba7 10. dxe5 Nxe5 11. Nxe5 dxe5 12. b4 Be6 13. Bb2 Nd7 14. c5 c6 15.
Nc3 f5 16. Qd6 Qe8 17. Qc7 Qb8 18. Qxb8 Bxb8 19. Rfd1 e4 20. Bh3 Be5 21. Rd2
Nf6 22. Ne2 Bxb2 23. Rxb2 g6 24. Rc1 Nd7 25. Nd4 Bd5 26. Bf1 Ne5 27. a4 Kg7 28.
Be2 g5 29. b5 axb5 30. axb5 f4 31. bxc6 bxc6 32. exf4 gxf4 33. Nc2 f3 34. Bf1
Rfb8 35. Rxb8 Rxb8 36. Ne3 Be6 37. Rd1 Ng4 38. Nxg4 Bxg4 39. h3 Be6 40. g4 Rb2
41. Re1 Bd5 42. h4 Kf6 43. Kh2 Rxf2+ 44. Kg3 e3 45. g5+ Kg7 46. Bd3 Rg2+ 47.
Kf4 e2 48. Rb1 h6 49. Rb7+ Kf8 50. Rb8+ Ke7 51. Rb7+ Kd8 52. Rb8+ Kc7 53. Rb1
h5 54. Ba6 Rg4+ 0-1

[Event "RUS-chT 18th"]
[Site "Olginka"]
[Date "2011.04.22"]
[Round "10"]
[White "Gelfand, Boris"]
[Black "Ponomariov, Ruslan"]
[Result "1/2-1/2"]
[WhiteElo "2733"]
[BlackElo "2743"]
[Annotator "Ponomariov,R"]
[PlyCount "65"]
[EventDate "2011.04.12"]
[EventType "team-tourn"]
[EventRounds "11"]
[EventCountry "RUS"]
[SourceTitle "EXT 2020"]
[Source "ChessBase"]
[SourceDate "2019.10.17"]
[SourceVersion "1"]
[SourceVersionDate "2019.10.17"]
[SourceQuality "1"]
[WhiteTeam "Moscow ShSM-64"]
[BlackTeam "Tomsk 400"]
[WhiteTeamCountry "RUS"]
[BlackTeamCountry "RUS"]

1. Nf3 Nf6 2. c4 e6 3. g3 d5 4. d4 Be7 ({Last time in Wijk aan Zee 2011
against Aronian and Giri I played} 4... Bb4+ {So now I wanted to surprise
Gelfand with something else. But it's not so easy :)}) 5. Bg2 O-O 6. O-O dxc4
7. Qc2 ({Of course White can play} 7. Qa4 a6 8. Qxc4 {, but then there is no
extra option 8.a4}) 7... b5 $5 {I saw that this idea had recently become very
popular. In the Russian league it was tried by Ukrainian GM Zontakh. So after
some quick analysis I decided why not?} 8. a4 b4 9. Nfd2 {But Boris played the
next moves very quickly. So he had analysed this for sure. Well in Olginka he
played only 4 games - so he had lots of time for training there :)} ({Maybe
the same} 9. Ne5 Qxd4 10. Nxc4 c6 ({But here I can have extra options} 10...
Nd5) ({or} 10... Ba6)) 9... c6 10. Nxc4 Qxd4 11. Rd1 ({After} 11. Be3 {I
planned to retreat back home with my queen} Qd8 {I think here my queen
protects more squares.}) 11... Qc5 12. Be3 Qh5 ({I didn't like} 12... Qf5 13.
Qxf5 exf5 14. Nbd2 {because here White has very easy play. In principle, I
think Boris likes to play safe positions without queens.}) 13. Nbd2 Ng4 14. Nf3
Nxe3 {I spent quite a lot of time here looking for some active counterplay.
But in the end I didn't find anything better then this exchange.} ({Maybe} 
14... e5 {was interesting:} 15. Bd2 b3 $5 {trying to provoke some
complications.} {But after} 16. Qxb3 Bc5 17. Be1 e4 18. h3 Nxf2 19. Bxf2 Bxf2+
20. Kxf2 exf3 21. Qxf3 Qc5+ 22. Ne3 {maybe anyway White's position is slightly
preferable and easier to play.}) 15. Nxe3 {I didn't like the fact that now
Gelfand could play just natural moves. But well it's not so easy to complicate
things without taking a big risk with Black and maybe first I must think about
equality.} a5 16. Nc4 Ba6 17. Rac1 Ra7 18. Nfe5 Bxc4 {I started to worry about
my queen on h5 and that's why give up my pair of bishops.} ({but probably} 
18... Bf6 $5 {was ;possible:} 19. Bf3 Qf5 {and after} 20. Be4 Qh5 {it's just a
repetition}) 19. Nxc4 Bf6 20. Qe4 Qc5 21. h4 ({In view of my next option} 21.
b3 $5 {was probably safer, but of course after it I receive the c3-square for
my bishop. And the position of my queen on c5 becomes more stable.}) 21... Qe7
$2 {I think this is a big mistake.} ({After} 21... b3 $1 {Black gets good
counterplay against White's pawns on the queenside. For some reason I thought
that I can lose my pawn on b3. But it's not true because I can protect it with
my queen from b4 and my rook from b7.}) 22. Qe3 $1 {With an idea (23.Qb6)
which is quite unpleasant} c5 23. Qf4 Rd8 24. b3 Nd7 25. Kh2 $2 {Amnesty!} ({
After the correct} 25. Rd3 Nf8 26. Rcd1 Rxd3 (26... Rd4 27. Qb8) 27. Rxd3 $16 {
I think it could be very difficult for Black to save this game.}) 25... Nf8 26.
Rxd8 Qxd8 27. Qd6 Qxd6 28. Nxd6 Nd7 29. Nb5 Ra6 30. Bb7 Rb6 31. Bc8 Ne5 32.
Rxc5 {Boris told me that when he played 25.Kh2 he missed this exchange of
rooks.} Rc6 33. Rxc6 {and a draw was agreed because all active pieces have
been exchanged} 1/2-1/2

[Event "Dortmund SuperGM 39th"]
[Site "Dortmund"]
[Date "2011.07.23"]
[Round "3"]
[White "Nakamura, Hikaru"]
[Black "Ponomariov, Ruslan"]
[Result "0-1"]
[WhiteElo "2770"]
[BlackElo "2764"]
[Annotator "Krasenkow,M"]
[PlyCount "82"]
[EventDate "2011.07.21"]
[EventType "tourn"]
[EventRounds "10"]
[EventCountry "GER"]
[EventCategory "20"]
[SourceTitle "CBM 144"]
[Source "ChessBase"]
[SourceDate "2011.09.16"]
[SourceVersion "1"]
[SourceVersionDate "2011.09.16"]
[SourceQuality "1"]

1. d4 Nf6 2. c4 e6 3. Nc3 Bb4 4. e3 O-O 5. Bd3 c5 6. Nf3 d5 7. O-O Nc6 8. a3
Bxc3 9. bxc3 Qc7 10. Bb2 Re8 {A rare continuation instead of the main} (10...
dxc4) 11. h3 (11. a4 Na5 12. cxd5 exd5 13. Ne5 Rxe5 $5 14. dxe5 Qxe5 15. e4 Bg4
16. f3 dxe4 17. Qe2 Be6 $13 {1-0 Wang Hao (2718)-Harikrishna,P (2669)/Ningbo
CHN 2011/The Week in Chess 872 (59)}) (11. Qc2 Na5 12. Ne5 Nxc4 13. Nxc4 dxc4
14. Bxc4 Bd7 15. Rac1 Rac8 16. Qe2 e5 17. f3 b5 18. Ba2 c4 19. e4 Nh5 20. g3 f5
$132 {1/2 Peralta,F (2603)-Marin,M (2555)/Barcelona ESP 2011/The Week in Chess
854 (45)}) (11. Rc1 dxc4 (11... Na5 $5) 12. Bxc4 e5 13. Ng5 Bg4 14. f3 $6 (14.
Qc2 Bh5 15. Bd3 Bg6 $11) 14... Bh5 15. g4 $6 h6 16. Ne4 Nxe4 17. fxe4 Bg6 $15 {
1/2 Rabar,B-Janosevic,D/Sarajevo 1951/EXT 2002 (41)}) (11. Qe2 dxc4 (11... Na5
$5) 12. Bxc4 e5 13. h3 Bf5 14. Rfd1 Rad8 15. Bb5 e4 16. Bxc6 bxc6 17. Ne5 Rb8
18. a4 Nd5 $11 {1-0 Swiercz,D (2488)-Arutinian,D (2576)/Rijeka 2010/CBM 136 
(31)}) 11... Na5 (11... b6 $5 12. cxd5 exd5 13. dxc5 Na5 14. Qa4 bxc5 15. c4
Bd7 16. Qc2 dxc4 17. Bxc4 Nxc4 18. Qxc4 Ne4 $11 {1/2 Zhukova,N (2499)
-Kosintseva,N (2533)/Moscow 2010/CBM 138 Extra (42)}) (11... dxc4 12. Bxc4 b6
13. Qe2 Bb7 14. Rac1 Ne7 15. Rfd1 Ng6 16. Ba2 Qc6 17. c4 cxd4 18. Rxd4 e5 19.
Rdd1 Ne4 $11 {1-0 Kasimdzhanov,R (2652)-Groszpeter,A (2508)/Deizisau 2004/CBM
099 ext (50)}) 12. cxd5 exd5 13. Nd2 (13. Ne5 c4 14. Bc2 Ne4 (14... Nc6 15.
Nxc6 Qxc6 16. a4 {1/2 Jakab,A (2417)-Lukacs,P (2423)/Hungary 2009/EXT 2010})
15. Qh5 g6 16. Qh6 Bf5 (16... Nd6 17. Qf4 Qe7 18. Rae1 Nc6 19. Nxc6 bxc6 20. f3
Rb8 21. Bc1 Rb3 22. e4 $36 {1-0 Stocek,J (2578)-Votava,J (2546)/Czechia 2008/
EXT 2009 (42)}) 17. f3 Ng3 18. Bxf5 Nxf5 19. Qf4 Rac8 {[%csl Gc7]} 20. e4 f6
21. Nxg6 hxg6 22. Qxc7 Rxc7 23. exf5 gxf5 24. Rae1 Rce7 $11 {1/2 Jakovenko,D 
(2725)-Leko,P (2735)/Astrakhan 2010/CBM 137/[Marin,M] (42)}) 13... Be6 14. Rc1
$6 {An inaccuracy allowing a strong reply.} (14. Qe2 Rac8 15. a4 a6 16. Ba3 c4
17. Bc2 Qd7 18. Qf3 Nb3 19. Nxb3 cxb3 20. Bxb3 Rxc3 21. Rfb1 Bf5 22. Bb4 Rc6
23. Rb2 Qc7 24. Bd2 Be4 25. Qe2 Rb8 {1/2 Pappier,C (2400)-Schulze,M (2436)/
IECG 2002/Telechess CBM 95}) 14... b5 $1 {Preventing c3-c4 and seizing the
c4-square completely.} 15. dxc5 (15. Bxb5 $4 Reb8) 15... Nc4 $15 {[%csl Rb2,
Gc4][%mdl 32]} 16. Rb1 (16. Nxc4 $142 dxc4 (16... bxc4 $5 17. Bc2 Rab8 $15) 17.
Bc2 Rad8 18. Qe2 Nd7 $15 {[%cal Yd7c5,Yc5d3]}) 16... Qxc5 17. Nb3 Qc7 18. Bc1
a6 19. Nd4 Bd7 20. Bc2 Rac8 21. Ne2 Qe5 22. Ng3 {An incorrect pawn sacrifice
but what to do?} (22. Qd4 Qxd4 23. Nxd4 Ne4 24. Bxe4 dxe4 $17 {[%csl Ra3,Rc3,
Rd3]}) 22... Qxc3 23. Rb3 Qe5 24. Bb1 a5 25. Rd3 Qe7 26. Re1 b4 27. axb4 Qxb4
28. Bd2 Nxd2 29. Qxd2 g6 30. Ba2 Bb5 31. Rb1 Qxd2 32. Rxd2 Rc5 33. Rb3 a4 34.
Ra3 Ra8 35. f3 Rc1+ 36. Kf2 $2 {[%csl Rf2]} (36. Kh2 $142 $17) 36... Rac8 37.
e4 R8c2 38. Rxc2 Rxc2+ 39. Ke3 Rxg2 40. Kf4 Kg7 41. h4 h6 {[%cal Rg6g5]} 0-1

[Event "FIDE World Cup"]
[Site "Khanty-Mansiysk"]
[Date "2011.09.10"]
[Round "5.2"]
[White "Gashimov, Vugar"]
[Black "Ponomariov, Ruslan"]
[Result "0-1"]
[WhiteElo "2760"]
[BlackElo "2764"]
[Annotator "Gashimov,V"]
[PlyCount "206"]
[EventDate "2011.08.28"]
[EventType "k.o."]
[EventRounds "7"]
[EventCountry "RUS"]
[SourceTitle "CBM 145"]
[Source "ChessBase"]
[SourceDate "2011.11.11"]
[SourceVersion "1"]
[SourceVersionDate "2011.11.11"]
[SourceQuality "1"]

{I have never before analysed for for a magazine a game, which I lost. But
this game was important and I made many mistakes before and during the game.} 
1. e4 e5 2. Nf3 Nc6 3. Bb5 Nf6 4. O-O $6 Nxe4 5. d4 Nd6 6. Bxc6 dxc6 7. dxe5
Nf5 8. Qxd8+ Kxd8 9. Rd1+ Ke8 10. Nc3 Ne7 11. Nd4 Bd7 12. Ne4 Ng6 13. f4 Be7 (
13... Rd8 14. f5 Bxf5 15. Bg5 Bxe4 16. Bxd8 Kd7 17. Nb3+ Kc8 18. Bg5 $14) 14.
Re1 c5 15. Nf3 Be6 {Here, I spent most of my time to calculate sharp lines.
But, it's always logical to stop the calculations and to check if there is
another (easy) possibilty for your opponent, and especially when you are
playing against Ponomariov.} 16. Nfg5 Bxg5 $1 (16... Bf5 17. Ng3 Bxc2 18. f5
$13 {no reason to continue, as right after my move, I understood that my
opponnent won't go to this line.}) 17. Nxg5 Bf5 18. Ne4 b6 $11 19. Ng3 Ne7 20.
Nxf5 Nxf5 21. c3 h5 22. Kf2 Rd8 23. Be3 Ke7 24. Rad1 f6 25. exf6+ Kxf6 26. Rxd8
Rxd8 27. Bc1 a5 28. a4 c4 29. g3 Rd3 30. Ke2 Ke6 31. Bd2 Rd5 32. Rf1 g6 33. Rf3
Kf7 34. Rf1 Rd8 35. Bc1 Ke6 36. Re1 Rd3 37. Bd2 Rd8 38. Kd1+ $2 {It was time
to stop, and to take a draw...!} Kf7 39. Re5 Nh6 40. Kc2 Ng4 41. Re2 Nf6 42.
Be1 Rd6 43. h3 Rd3 44. b3 Rf3 45. bxc4 h4 46. gxh4 Rxf4 47. c5 $2 {The problem
is, sometimes when you start making mistakes, then you continue making them...}
Rxa4 48. cxb6 cxb6 49. Re5 Re4 50. Rxe4 Nxe4 51. c4 Ke6 52. Kb3 Kd6 53. Kc2 Ke5
54. Kd3 Kf4 55. Kd4 Kf3 56. Kd3 Nc5+ 57. Kd4 a4 $2 (57... Ke2 $1 $19) 58. Bb4
Ke2 59. Kc3 Ke3 60. Ba3 Ne4+ 61. Kb4 Kd3 62. Kb5 Kc3 63. Be7 (63. Kxa4 $1 {
I was sure, one of the two options is a draw the other would lose. But it was
simply not my day.} Kxc4 64. Be7 Nf2 65. h5 gxh5 66. h4 b5+ 67. Ka3 Nd3 68. Ka2
b4 69. Kb1 b3 $11) 63... Kb3 64. Kxb6 Kxc4 65. Kc6 Ng3 66. Kd7 Kd5 67. Ke8 Ke6
68. Ba3 Nf5 69. Kf8 Nxh4 70. Kg7 Kf5 71. Kh6 Nf3 72. Be7 Ke6 73. Ba3 Kf6 74.
Bc5 Nh4 75. Bd4+ Kf5 76. Bc5 g5 77. Be7 Nf3 78. Kh5 Ng1 79. Bxg5 a3 80. Bc1 a2
81. Bb2 Nxh3 82. Kh4 Nf4 83. Kg3 Ke4 84. Ba1 Nd3 85. Kg2 Ke3 86. Kg3 Nc5 87.
Kg2 Ke2 88. Kg3 Na4 89. Kg2 Nb6 90. Kg3 Nc4 91. Kg2 Ne3+ 92. Kg3 Nd1 93. Kg2
Ke3 94. Kg3 Kd2 95. Kf3 Kd3 96. Kf4 Kc2 97. Ke4 Nb2 98. Ke3 Na4 99. Ke2 Kc1
100. Kd3 ({The last chance was} 100. Ke1 Nc5 $1 101. Ke2 Kb1 102. Kd1 Na4 $19)
100... Kb1 101. Kd2 Nb2 102. Kc3 Kxa1 103. Kc2 Nd3 {And I finished. I think
that my main problem was, that it was only my second knock-out tournament, I
played well, but not well enough. But I had to lose one such game to
understand what I must not do :)} 0-1

[Event "FIDE World Cup"]
[Site "Khanty-Mansiysk"]
[Date "2011.09.13"]
[Round "6.2"]
[White "Ponomariov, Ruslan"]
[Black "Svidler, Peter"]
[Result "0-1"]
[WhiteElo "2764"]
[BlackElo "2739"]
[Annotator "Krasenkow,M"]
[PlyCount "86"]
[EventDate "2011.08.28"]
[EventType "k.o."]
[EventRounds "7"]
[EventCountry "RUS"]
[SourceTitle "CBM 145"]
[Source "ChessBase"]
[SourceDate "2011.11.11"]
[SourceVersion "1"]
[SourceVersionDate "2011.11.11"]
[SourceQuality "1"]

1. d4 Nf6 2. c4 g6 3. Nc3 d5 4. cxd5 Nxd5 5. e4 Nxc3 6. bxc3 Bg7 7. Qa4+ Bd7 {
This move is considered second-rate.} 8. Qa3 Nc6 {This is Peter Svidler!
Instead of "normal" moves like} (8... O-O {or}) (8... b6) {he prepares ...
e7-e5 and ...Qd8-e7.} 9. Nf3 e5 10. Be3 (10. d5 $5 Ne7 11. Bd3 $14 {looks
simpler.}) 10... exd4 11. cxd4 Qe7 (11... Bg4 {was played in an old game, in
which this position arose after 8...e5 9.Nf3 exd4 10.cxd4 Nc6 11.Be3. White
quickly obtained a big advantage:} 12. Bb5 Qf6 $2 (12... Qd6) 13. Ne5 Bd7 14.
Nxd7 Kxd7 15. Rc1 a6 16. Bxc6+ bxc6 17. Qa4 Rhb8 18. d5 Rb5 19. Rxc6 Qa1+ 20.
Rc1 Bc3+ 21. Kd1 Qb2 22. Qc4 {1-0 Gavrikov,V (2535)-Birnboim,N (2390)/Lugano
1989/TD}) 12. Qxe7+ Nxe7 13. Rb1 $14 O-O-O 14. Bc4 f5 $1 {This typical
undermining is Black's only chance to create counterplay.} 15. Ng5 fxe4 $1 16.
Nf7 Nf5 17. O-O Nxd4 18. Bxd4 $2 {After this wrong exchange Black obtains
excellent compensation for his minor material deficit: a bishop pair and
strong queenside pawns.} (18. Rfd1 $1 Bf5 (18... Bg4 19. Bxd4 Bxd4 20. Nxh8
Bxd1 21. Nf7 Rd7 22. Be6 Be2 23. Re1 Bd3 24. Ng5) 19. h3 h5 20. Bxd4 Rxd4 (
20... Bxd4 21. Nxh8 Bxh8 22. Rxd8+ Kxd8 23. Rxb7) 21. Rxd4 Bxd4 22. Nxh8 Bxh8
23. Re1 {then regaining the e4-pawn. The absence of the rook pair is
favourable to White.}) 18... Bxd4 19. Nxh8 Rxh8 {[%mdl 4096]} 20. Bd5 b5 21.
Bxe4 c5 {[%csl Gb5,Gc5] The initiative clearly belongs to Black. White fails
to organise any defence and gradually loses:} 22. g3 a5 23. Kg2 b4 24. Bd5 Kc7
25. Bc4 Kd6 26. Rfe1 a4 27. f3 Rb8 28. Re2 $2 {[%mdl 16384]} (28. g4 $8 $17)
28... Bf5 29. Rd1 b3 30. axb3 axb3 {[%csl Gb3]} 31. g4 Bd7 32. Re3 b2 33. Rb3
Rxb3 34. Bxb3 Bb5 35. Ba2 Kc6 36. Rd2 Kb6 37. f4 Bc6+ 38. Kg3 Be4 39. Rd1 Kb5
40. Re1 Bd3 41. Re7 (41. Rd1 c4 42. Rxd3 cxd3 43. Kf3 Kb4 44. Bb1 Kc3 {, and
when pawn moves are exhausted, White will be in zugzwang.}) 41... c4 42. Rd7 c3
43. Rd5+ Bc5 0-1

[Event "FIDE World Cup"]
[Site "Khanty-Mansiysk"]
[Date "2011.09.17"]
[Round "7.2"]
[White "Ponomariov, Ruslan"]
[Black "Ivanchuk, Vassily"]
[Result "0-1"]
[WhiteElo "2764"]
[BlackElo "2768"]
[Annotator "Krasenkow,M"]
[PlyCount "80"]
[EventDate "2011.08.28"]
[EventType "k.o."]
[EventRounds "7"]
[EventCountry "RUS"]
[SourceTitle "CBM 145"]
[Source "ChessBase"]
[SourceDate "2011.11.11"]
[SourceVersion "1"]
[SourceVersionDate "2011.11.11"]
[SourceQuality "1"]

1. d4 Nf6 2. c4 e6 3. Nf3 d5 4. Nc3 dxc4 5. e4 Bb4 6. Bg5 c5 7. Bxc4 cxd4 8.
Nxd4 Bxc3+ 9. bxc3 Qa5 10. Bb5+ Nbd7 11. Bxf6 Qxc3+ 12. Kf1 gxf6 13. Nxe6 $2 {
This "brilliant" blow is a well-known mistake. Ruslan Ponomariov obviously
mixed something up.} (13. h4 {is the main move}) (13. Rc1 {is also possible})
13... Qe5 {Of course, not} (13... fxe6 $4 14. Rc1 Qe5 15. Rxc8+ $18) 14. Nd4 (
14. Ng7+ Kf8 15. Nf5 (15. Bxd7 $142 Bxd7 16. Nf5 $15) 15... Qxb5+ 16. Kg1 Qe5
$1 17. h4 Rg8 18. Rh3 Rg6 19. Rc1 Nb6 20. Qd8+ Qe8 21. Qd6+ Kg8 22. Re3 Be6 23.
h5 Rg5 $17 {0-1 Lobron,E (2545)-Polgar,Z (2500)/Dortmund 1990/CBM 018/[Polgar,
Zsu] (38)}) 14... O-O {White has regained the pawn, but Black now completes
his development and obtains a clear advantage due to White's uncastled king.} (
14... a6 $143 $6 15. Ba4 O-O 16. Nf3 Qe7 17. Qe2 Ne5 18. Nxe5 Qxe5 19. Re1 Be6
20. Bb3 Bxb3 21. axb3 Rac8 22. h4 Rc3 23. Rh3 Rd8 24. Kg1 Rxh3 25. Qg4+ Kh8 26.
Qxh3 $11 {1-0 Malakhatko,V (2568)-Galinsky,T (2424)/Kiev 2000/CBM 077/[Ribli] 
(62)}) 15. Qd3 {Or else:} (15. Rc1 Nb6 $1 {[%cal Rf8d8]} 16. Qd3 $8 a6 $17 (
16... Rd8 $143 17. Nf3)) (15. Rb1 Nc5 16. Nf3 Qxe4 17. Rc1 b6 18. Qd6 Be6 19.
Re1 Qb4 20. Be2 Rfd8 $19 {0-1 Gormally,D (2471)-Wells,P (2485)/Halifax 2003/
CBM 097 ext (27)}) (15. Be2 Nc5 16. Nf3 Qxe4 17. Qd6 Ne6 18. h4 Nf4 19. Re1 Be6
20. Ba6 Qa4 21. Bxb7 Rad8 $17 {1/2 Prakash,G (2435)-Lahiri,A (2426)/Sangli
2000/EXT 2001 (49)}) (15. a4 Rd8 16. Nf5 Nf8 17. Qg4+ Ng6 18. Re1 a6 19. Be2
Rd4 20. Bf3 Bxf5 21. Qxf5 Rxa4 $17 {0-1 Szuhanek,R (2450)-Rezan,S (2337)/
Rijeka 2001/EXT 2002 (37)}) (15. Qg4+ Kh8 16. Rd1 Nc5 17. Qh4 (17. Nf5 Bxf5 18.
Qxf5 Nxe4 19. Qxe5 fxe5 20. Re1 Nc3 21. Rxe5 Nxa2 22. Re7 Nc3 23. Bc4 b5 24.
Bxf7 Rfd8 $17 {0-1 Somogyi,I (2243)-Galyas,M (2371)/Budapest 2001/CBM 082 ext 
(36)}) 17... Ne6 $1 18. Bc4 (18. Be2 Rd8 $1 (18... Nxd4 $143 19. f4 Qd6 20. e5)
19. Nxe6 Rxd1+ 20. Bxd1 Bxe6 $17) 18... Nxd4 (18... Rd8 19. Bd5 Nxd4 20. f4 Nf5
$1 21. exf5 Qxf5 $19) 19. f4 Qd6 20. e5 fxe5 21. fxe5 Qxe5 22. Rxd4 Bf5 $17 {
0-1 Schmidt,H (2332)-Slobodjan,R (2521)/Saarbruecken 2002/CBM 093/[Ribli] (44)}
) 15... Nc5 16. Qg3+ Kh8 (16... Qxg3 17. hxg3 Rd8 18. Nb3 Nxe4 $17 {was quite
possible, too.}) 17. Qxe5 fxe5 18. Nf3 a6 {Other options:} (18... f6 19. Nd2
Rd8 20. Ke2 Be6 $15) (18... Nxe4 19. Nxe5 Be6 $17 {[%cal Ye4c3] was probably
the strongest.}) 19. Bc4 Nxe4 20. Nxe5 f6 21. Nf3 Bf5 22. h3 (22. Nd4 Bg6 $1 (
22... Nd2+ 23. Ke2 Nxc4 24. Nxf5 $11) 23. Bd5 Nd2+ $1 24. Ke2 Rad8) 22... b5
23. Bb3 Nc3 24. Nd4 Bd3+ 25. Kg1 a5 {[%csl Ga5,Gb5]} 26. Kh2 a4 27. Bd1 Bc4 (
27... b4 28. Bf3 Rac8 29. Nc6 b3 30. axb3 axb3 31. Ra3 $1 Be4 32. Rxb3 $1 Bxf3
33. Ne7 $1 Bd5 $1 34. Rxc3 Rxc3 35. Nxd5 $11) 28. a3 Rad8 29. Nc6 Rd2 30. Bf3
Rxf2 {Black has won a pawn, but it is very difficult to convert it.} 31. Rhc1
Na2 32. Re1 Rc8 33. Re7 (33. Ne7 $1 Rd8 34. Nf5 $15) 33... Nc3 34. Nb4 f5 35.
Rae1 $6 (35. Re3 $142 $15) 35... Rg8 {[%cal Gg8g2]} 36. R7e5 (36. Rd7 Ne4 $1)
36... Be2 $1 {White overlooked this strong move.} 37. Rxf5 $2 {[%mdl 8192]} (
37. Bc6 Ne4 38. Rg1 Bf1 39. Re8 Rxe8 40. Bxe8 f4 41. Bc6 Nd2 $19) (37. R1xe2
Nxe2 38. Nd3 Rxf3 39. gxf3 Nd4 40. Ne1 {was the only way to continue
resistance.}) 37... Bxf3 38. Rxf3 Rgxg2+ 39. Kh1 Rh2+ 40. Kg1 Ne2+ 0-1